Sporcle Categorical Grab Bag: Begins with 'C' Quiz Stats

 Plays Quiz Updated May 5, 2019

Score 0/45 Timer 06:00
3 Plays Today
Category Missing Word % Correct
Geography
US State by Capital
Colorado
96%
Gaming
Toys & Games
Cube
94.9%
History
U.S. Presidents
Clinton
94.4%
Geography
US State by Capital
California
94.4%
Holiday
Christmas Songs
Cold
94%
Just for Fun
This or That
Clean
93.9%
Holiday
Christmas Songs
Claus
93.8%
Just for Fun
This or That
Chocolate
93.1%
Literature
Children's Books
Charlotte's
92.6%
Science
Dog Breeds
Collie
91.5%
Geography
US State by Capital
Connecticut
89.9%
Miscellaneous
Restaurants
Chuck
89.4%
Miscellaneous
Restaurants
Chick
89.3%
Gaming
Toys & Games
Cabbage
89.1%
Science
Dog Breeds
Charles
89%
Television
ABC Sitcoms
Company
88.3%
Television
ABC Sitcoms
Couple
88.2%
Language
Spanish Translation
Cheese
87.9%
History
U.S. Presidents
Coolidge
85.6%
History
U.S. Presidents
Cleveland
85.3%
Just for Fun
This or That
Comedy
84.5%
Religion
Mythical Creatures
Cyclops
84%
Television
ABC Sitcoms
Carey
82.7%
Category Missing Word % Correct
Language
Spanish Translation
Corn
81.1%
Gaming
Toys & Games
Candy
81.1%
Miscellaneous
Restaurants
Creamery
72.7%
Religion
Mythical Creatures
Centaur
70.5%
Entertainment
Marvel Characters by Identity
Captain America
67.2%
Music
Band Names by Song
Culture Club
62.2%
Holiday
Christmas Songs
Carol
58.2%
Literature
Children's Books
Cookie
57.5%
Movies
One-Word Best Picture Oscar Winners
Casablanca
51.9%
Literature
Children's Books
Crayon
51.6%
Sports
March Madness Team Names
Cavaliers
50.7%
Language
Spanish Translation
Cow
50.4%
Sports
March Madness Team Names
Crimson Tide
48.5%
Religion
Mythical Creatures
Cerberus
47.5%
Movies
One-Word Best Picture Oscar Winners
Crash
44.4%
Entertainment
Marvel Characters by Identity
Captain Marvel
44.3%
Music
Band Names by Song
The Cure
41%
Sports
March Madness Team Names
Cougars
39%
Movies
One-Word Best Picture Oscar Winners
Chicago
34.5%
Science
Dog Breeds
Cattle
33.8%
Music
Band Names by Song
Commodores
29.9%
Entertainment
Marvel Characters by Identity
Colossus
16.2%

You're not logged in!

Compare scores with friends on all Sporcle quizzes.
OR
Log In

Sporcle TV

Today on Sporcle TV


Watch our educational content, quiz creation guides, and fun videos on Sporcle TV.

Show Comments

Extras

Top Quizzes Today


Score Distribution

Your Account Isn't Verified!

In order to create a playlist on Sporcle, you need to verify the email address you used during registration. Go to your Sporcle Settings to finish the process.

Report this User

Report this user for behavior that violates our Community Guidelines.

Details: